Kadra reprezentacji Francji na Euro 2024 - Statystyki

Ogólne statystyki
  • Ten quiz został rozwiązany 1 021 razy
  • Średni wynik to 17 z 25
Statystyki odpowiedzi
Zawodnik Pozycja Klub % Poprawnych
Kylian Mbappé Napastnik PSG
90%
Eduardo Camavinga Pomocnik Real Madryt
83%
Jules Kounde Obrońca FC Barcelona
81%
Mike Maignan Bramkarz AC Milan
79%
Ibrahima Konate Obrońca Liverpool
78%
Marcus Thuram Napastnik Inter Mediolan
78%
Ousmane Dembélé Napastnik PSG
78%
William Saliba Obrońca Arsenal
78%
Alphonse Areola Bramkarz West Ham
76%
N'Golo Kanté Pomocnik Al-Ittihad
76%
Ferland Mendy Obrońca Real Madryt
74%
Theo Hernández Obrońca AC Milan
73%
Dayot Upamecano Obrońca Bayern Monachium
70%
Aurelien Tchouaméni Pomocnik Real Madryt
67%
Olivier Giroud Napastnik AC Milan
67%
Bradley Barcola Napastnik PSG
66%
Antoine Griezmann Pomocnik Atlético Madryt
61%
Kingsley Coman Napastnik Bayern Monachium
60%
Randal Kolo Muani Napastnik PSG
60%
Benjamin Pavard Obrońca Inter Mediolan
59%
Adrien Rabiot Pomocnik Juventus
58%
Brice Samba Bramkarz RC Lens
53%
Warren Zaïre-Emery Pomocnik PSG
47%
Jonathan Clauss Obrońca Olympique Marsylia
36%
Youssouf Fofana Pomocnik AS Monaco
32%
Nie znaleziono quizów pasujących do podanych kryteriów
Rozkład punktacji
Procent ludzi z każdym wynikiem
Percentyl według liczby udzielonych odpowiedzi
Twoja historia wyników
Nie rozwiązałeś tego quizu